01947cam a2200313 a 4500001000700000003000400007005001700011008004100028010001700069015001000086020001500096040002500111043001200136050001900148082001500167245012400182260003100306300002300337440009300360504005300453505089800506650003901404650004501443651004501488651003101533700002501564700002101589700002301610907876OSt20230608101450.0820102s1981 gw b 000 0 eng  a 81189515  aGFR81 a3167437529 aDLCcDLCdDLCdOCoLC ae-gx---00aDS135.G33bR4400a948.2bROB00aRevolution and evolution, 1848 in German-Jewish history /cedited by Werner E. Mosse, Arnold Paucker, Reinhard Rürup. aTübingen :bMohr,c1981. axii, 431 ;c24 cm. 0aSchriftenreihe wissenschaftlicher Abhandlungen des Leo Baeck Instituts,x0459-097X ;v39 aIncludes bibliographical references and indexes.0 aThe European revolutions of 1848 and Jewish emancipation / Reinhard Rürup -- Emancipation and population change / Lawrence Schofer -- Emancipation and continuity : German Jews in the rural economy / Monika Richarz -- The German Jews at the start of industrialisation / Avraham Barkai -- Family structure and the position of Jewish women / Julius Carlebach -- Emancipation and the crisis of religious authority : the emergence of the modern rabbinate / Ismar Schorsch -- The 1840s and the creation of the German-Jewish religious reform movement /Steven M. Lowenstein -- German-Jewish social thought in the mid-nineteenth century / Uriel Tal -- Religious dissent and tolerance in the 1840s / Hermann Greive -- Heine's portraits of German and French Jews on the eve of the 1848 Revolution / S.S Prawer -- The revolution of 1848 : Jewish emancipation in Germany and its limits / Werner E. Mosse. 0aJewszGermanyxHistoryy1800-1933. 0aJudaismzGermanyxHistoryy19th century. 0aGermanyxHistoryyRevolution, 1848-1849. 0aGermanyxEthnic relations.1 aMosse, Werner Eugen.1 aPaucker, Arnold.1 aRürup, Reinhard.